000 00421nam a2200169Ia 4500
999 _c31075
_d31075
003 0100
005 20170510082111.0
008 130303s9999 xx 000 0 und d
040 _cARRUPELIB
050 _aDT433.242.I83 1973
100 _aWebster, James Bertin
_930656
245 4 _aThe Iteso during the Asonya
260 _bEast African Publishing House
_aNairobi, Kenya
_c1973
300 _axxiii
300 _b 189p. 22cm.
942 _2lcc
_cMONOGRAPH